Sakura Mengorak Kelopak : Edisi Khas Sasterawan Negara

Bibliographic Details
Main Author: Arena Wati
Format: Book
Published: Kuala Lumpur : DBP , 1988

MARC

LEADER 00000cam a2200000 7i4500
001 0000007408
002 000007966
005 20000330.0
020 |a 9836203249 
090 0 0 |a F   |b ARE 
100 0 |a Arena Wati 
245 1 0 |a Sakura Mengorak Kelopak :   |b Edisi Khas Sasterawan Negara   |c Arena Wati 
260 |a Kuala Lumpur :   |b DBP ,   |c 1988 
300 |a 464p. ;   |c 20cm. 
999 |a 055375   |b BUKU   |c FICTION   |e PERPUSTAKAAN KOMUNITI CAW KOTA DAMANSARA 
999 |a 055376   |b BUKU   |c FICTION   |e PERPUSTAKAAN KOMUNITI CAW KOTA DAMANSARA